| Поле | Название | Значение |
| |
Тип записи |
a |
| |
Библиографический уровень |
c |
| 001 |
Контрольный номер |
c273dd76221948cc9d741bd5eefcffbd |
| 005 |
Дата корректировки |
20260113114634.2 |
| 010 |
Индекс ISBN |
__ |
| a |
ISBN |
978-5-389-25517-3 |
| b |
Уточнения |
в пер. |
| 9 |
Тираж |
3000 экз. |
| d |
Цена |
1152-29 |
| 100 |
Данные общей обработки |
__ |
| a |
Данные общей обработки |
20251126d2024 am y0rusy028902 ca |
| 101 |
Язык документа |
1_ |
| a |
Язык текста |
rus |
| c |
Язык оригинала |
fre |
| 102 |
Страна публикации |
__ |
| a |
Страна публикации |
RU |
| 105 |
Кодированные данные (монография) |
__ |
| a |
Кодированные данные (монография) |
y z 000ay |
| 181 |
Поле кодированных данных: вид содержания |
_0 |
| a |
Код вида содержания (ISBD) |
i |
| 182 |
Поле кодированных данных: тип средства |
_0 |
| a |
Код типа средства (ISBD) |
n |
| 200 |
Заглавие и сведения об ответственности |
1_ |
| a |
Заглавие |
Расследования Арсена Люпена |
| e |
Сведения, относящиеся к заглавию |
роман, рассказы |
| f |
Первые сведения об ответственности |
Морис Леблан |
| g |
Последующие сведения об ответственности |
перевод с французского Ирины Волевич и Марианны Таймановой |
| 203 |
Вид содержания и тип средства |
__ |
| a |
Вид содержания |
Текст |
| c |
Тип средства |
непосредственный |
| 210 |
Выходные данные |
1_ |
| a |
Место издания |
Санкт-Петербург |
| c |
Издательство |
Азбука |
| c |
Издательство |
Азбука-Аттикус |
| d |
Дата издания |
2024 |
| 215 |
Физическое описание |
__ |
| a |
Объем |
571, [1] с. |
| d |
Формат |
21 см |
| c |
Иллюстрации/тип воспроизводства |
ил. |
| 225 |
Серия |
2_ |
| a |
Серия |
Мир приключений |
| e |
Сведения, относящиеся к заглавию серии |
МП |
| 330 |
Аннотация |
__ |
| a |
Аннотация |
Книги французского писателя Мориса Леблана о приключениях Арсена Люпена раскупались при жизни автора огромными тиражами, превышающими тиражи книг самого Конан Дойла. Кто же такой этот Арсен Люпен? Арсен Люпен - неуловимый грабитель, о подвигах которого трубят все газеты; таинственный персонаж, джентльмен с неистощимой фантазией, орудующий лишь в замках и великосветских гостиных. Арсен Люпен - человек с тысячью обличий. Поймать его невозможно, предсказать его следующий шаг - исключено. Его хитрость, его благородство, его изобретательность не знают границ. Разве что великий и непобедимый Херлок Шолмс примчится из окутанного туманами Лондона, чтобы справиться с самым известным преступником Франции... |
| 333 |
Примечание о целевом назначении |
__ |
| a |
Примечание о целевом назначении |
16+. Для детей старше 16 лет |
| 454 |
Оригинал |
_0 |
| 1 |
|
2001 |
| a |
|
La demeure mysterieuse. La barre-y-va. Le cabochon d'emeraude. La femme aux deux sourires |
| 1 |
|
700 1 |
| a |
|
Leblanc |
| b |
|
M. |
| g |
|
Maurice |
| 454 |
Оригинал |
_0 |
| 1 |
|
2001 |
| a |
|
La barre-y-va |
| 1 |
|
700 1 |
| a |
|
Leblanc |
| b |
|
M. |
| g |
|
Maurice |
| 454 |
Оригинал |
_0 |
| 1 |
|
2001 |
| a |
|
Le cabochon d'emeraude |
| 1 |
|
700 1 |
| a |
|
Leblanc |
| b |
|
M. |
| g |
|
Maurice |
| 454 |
Оригинал |
_0 |
| 1 |
|
2001 |
| a |
|
La femme aux deux sourires |
| 1 |
|
700 1 |
| a |
|
Leblanc |
| b |
|
M. |
| g |
|
Maurice |
| 464 |
Аналитический уровень |
_0 |
| 1 |
|
2001 |
| a |
|
Таинственный особняк |
| f |
|
перевод И. Волевич |
| 464 |
Аналитический уровень |
_0 |
| 1 |
|
2001 |
| a |
|
Приливная волна |
| f |
|
перевод И. Волевич |
| 464 |
Аналитический уровень |
_0 |
| 1 |
|
2001 |
| a |
|
Изумрудный кабошон |
| f |
|
перевод И. Волевич |
| 464 |
Аналитический уровень |
_0 |
| 1 |
|
2001 |
| a |
|
Женщина с двумя улыбками |
| f |
|
перевод М. Таймановой |
| 606 |
Тематические рубрики |
__ |
| a |
Основная рубрика |
Художественная литература |
| z |
Хронологическая подрубрика |
20 в. |
| 2 |
Код системы |
nlr_sh |
| 606 |
Тематические рубрики |
__ |
| a |
Основная рубрика |
Литература Европы (произведения) |
| 2 |
Код системы |
nlr_sh |
| y |
Географическая подрубрика |
Франция |
| 610 |
Ключевые слова |
0_ |
| a |
Ключевые слова |
французская литература |
| 610 |
Ключевые слова |
0_ |
| a |
Ключевые слова |
иностранная литература |
| 610 |
Ключевые слова |
0_ |
| a |
Ключевые слова |
проза |
| 610 |
Ключевые слова |
0_ |
| a |
Ключевые слова |
романы |
| 610 |
Ключевые слова |
0_ |
| a |
Ключевые слова |
рассказы |
| 610 |
Ключевые слова |
0_ |
| a |
Ключевые слова |
детективы |
| 610 |
Ключевые слова |
0_ |
| a |
Ключевые слова |
детективные романы |
| 610 |
Ключевые слова |
0_ |
| a |
Ключевые слова |
приключения |
| 610 |
Ключевые слова |
0_ |
| a |
Ключевые слова |
детективные приключения |
| 610 |
Ключевые слова |
0_ |
| a |
Ключевые слова |
авантюрные детективы |
| 610 |
Ключевые слова |
0_ |
| a |
Ключевые слова |
детективные истории |
| 610 |
Ключевые слова |
0_ |
| a |
Ключевые слова |
тема расследований |
| 610 |
Ключевые слова |
0_ |
| a |
Ключевые слова |
детективные рассказы |
| 610 |
Ключевые слова |
0_ |
| a |
Ключевые слова |
тема преступлений |
| 610 |
Ключевые слова |
0_ |
| a |
Ключевые слова |
загадочные преступления |
| 610 |
Ключевые слова |
0_ |
| a |
Ключевые слова |
тема убийств |
| 610 |
Ключевые слова |
0_ |
| a |
Ключевые слова |
убийства |
| 610 |
Ключевые слова |
0_ |
| a |
Ключевые слова |
похищения драгоценностей |
| 610 |
Ключевые слова |
0_ |
| a |
Ключевые слова |
тема похищений |
| 686 |
Индексы других классификаций |
__ |
| 2 |
Код системы |
rubbks |
| a |
Классификационный индекс |
84(4Фра)6-445; ст84(4Фра)-445 |
| 700 |
Автор |
_1 |
| a |
Фамилия |
Леблан |
| b |
Имя |
М. |
| g |
Полное личное имя |
Морис |
| 4 |
Код отношения |
070 |
| f |
Даты |
1864-1941 |
| 702 |
Вторичная интеллектуальная ответственность |
_1 |
| a |
Фамилия |
Волевич |
| b |
Имя |
И. Я. |
| g |
Полное личное имя |
Ирина Яковлевна |
| 4 |
Код отношения |
730 |
| f |
Даты |
1940- |
| 702 |
Вторичная интеллектуальная ответственность |
_1 |
| a |
Фамилия |
Тайманова |
| b |
Имя |
М. Е. |
| g |
Полное личное имя |
Марианна Евгеньевна |
| 4 |
Код отношения |
730 |
| 801 |
Источник записи |
_0 |
| a |
Страна |
RU |
| b |
Организация |
Муниципальное бюджетное учреждение культуры "Централизованная библиотечная система" г. Сургут (Центральная городская библиотека им. А. С. Пушкина) |
| g |
Правила каталогизации |
PSBO |
| c |
Дата составления |
20251126 |
| 801 |
Источник записи |
_1 |
| a |
Страна |
RU |
| b |
Организация |
Муниципальное бюджетное учреждение культуры "Централизованная библиотечная система" г. Сургут (Центральная городская библиотека им. А. С. Пушкина) |
| g |
Правила каталогизации |
PSBO |
| c |
Дата составления |
20251126 |
| 852 |
Данные о местонахождении |
__ |
| j |
Шифр хранения |
84(4Фра)6-445 |
| i |
Авторский знак |
Л 33 |
| 900 |
Макрообъекты |
__ |
| a |
Макрообъекты |
Расследования Арсена Люпена. Леблан, М., 2024 |
| 901 |
Тип документа |
__ |
| a |
Ответственный |
ООФиК/Губина |
| t |
Тип документа |
x |
| 901 |
Тип документа |
__ |
| a |
Ответственный |
1 партия |
| 903 |
Характеристики (МАРС) |
__ |
| a |
Дата передачи |
20251126 |
| c |
Наименование библиотеки (МАРС) |
Муниципальное бюджетное учреждение культуры "Централизованная библиотечная система" г. Сургут (Центральная городская библиотека им. А. С. Пушкина) |
| 990 |
Данные о заказе (DOS) |
__ |
| j |
Количество экземпляров (DOS) |
4 |
| t |
N записи в КСУ для И/У (DOS) |
202601 |